LEADER 02191nam0 22003973i 450 001 SUN0004535 005 20141112021909.2 010 $d0.00 020 $aIT$b80 5386 100 $a20020723d1980 |0itac50 ba 101 $aita 102 $aIT 105 $a|||| ||||| 200 1 $aˆIl ‰regime delle trasformazioni urbanistiche ed edilizie$ecommentario della Legge n. 10, 1977$eaggiornamento$fVincenzo Giuffrè 205 $aNapoli : Jovene$b1980 210 $d325 p. ; 24 cm 215 $aVolume presente nei Fondi: Tribunale e Tribunale di Napoli. 606 $aAree fabbricabili$xLegislazione$2FI$3SUNC002842 606 $aDiritto di edificare$xLegislazione$2FI$3SUNC002852 606 $aDiritto di edificare$xGiurisprudenza$2FI$3SUNC002853 620 $dNapoli$3SUNL000005 676 $a346$cDiritto privato$v22 700 1$aGiuffrè$b, Vincenzo$3SUNV001791$0352913 712 $aJovene$3SUNV000014$4650 801 $aIT$bSOL$c20181109$gRICA 912 $aSUN0004535 950 $aUFFICIO DI BIBLIOTECA DEL DIPARTIMENTO DI GIURISPRUDENZA$d00 CONS IV.Eof.17a $e00 5323 950 $aUFFICIO DI BIBLIOTECA DEL DIPARTIMENTO DI GIURISPRUDENZA$d00 CONS Iv.Eof.17a bis $e00 FT 36006 950 $aUFFICIO DI BIBLIOTECA DEL DIPARTIMENTO DI GIURISPRUDENZA$d00 CONS FTA.265 bis $e00 FTN7339 950 $aUFFICIO DI BIBLIOTECA DEL DIPARTIMENTO DI GIURISPRUDENZA$d00 CONS FTA.265 $e00 FTN7411 995 $aUFFICIO DI BIBLIOTECA DEL DIPARTIMENTO DI GIURISPRUDENZA$h5323$kCONS IV.Eof.17a$op$qa 995 $aUFFICIO DI BIBLIOTECA DEL DIPARTIMENTO DI GIURISPRUDENZA$gFT$h36006$kCONS Iv.Eof.17a bis$op$qa 995 $aUFFICIO DI BIBLIOTECA DEL DIPARTIMENTO DI GIURISPRUDENZA$gFTN$h7339$kCONS FTA.265 bis$op$qa 995 $aUFFICIO DI BIBLIOTECA DEL DIPARTIMENTO DI GIURISPRUDENZA$gFTN$h7411$kCONS FTA.265$oc$qa 996 $aRegime delle trasformazioni urbanistiche ed edilizie$9325372 997 $aUNICAMPANIA LEADER 01038nam a22002531i 4500 001 991002092679707536 005 20040123194903.0 008 040407s1935 it |||||||||||||||||ita 035 $ab12869600-39ule_inst 035 $aARCHE-084922$9ExL 040 $aDip.to Scienze Storiche$bita$cA.t.i. Arché s.c.r.l. Pandora Sicilia s.r.l. 082 04$a759.5 100 1 $aLonghi, Roberto$036305 245 10$aMomenti della pittura bolognese :$bprolusione al corso di storia dell'arte nella R. Università di Bologna /$cRoberto Longhi 260 $aBologna :$bAzzoguidi,$c1935 300 $a27 p. ;$c25 cm 500 $aEstr. da: L'Archiginnasio, a. 30, n. 1-3(1935) 650 4$aPittura bolognese 907 $a.b12869600$b02-04-14$c16-04-04 912 $a991002092679707536 945 $aLE009 ARTE MISC. 28/14 (Fondo Bottari)$g1$iLE009-3503/14$lle009$o-$pE0.00$q-$rn$so $t0$u0$v0$w0$x0$y.i13430518$z16-04-04 996 $aMomenti della pittura bolognese$9300705 997 $aUNISALENTO 998 $ale009$b16-04-04$cm$da $e-$fita$git $h0$i1 LEADER 01838nam0 2200361 i 450 001 TO00395721 005 20251003044405.0 010 $a8834860551 020 $aIT$b97-6520 100 $a20150323d1996 ||||0itac50 ba 101 | $aita 102 $ait 181 1$6z01$ai $bxxxe 182 1$6z01$an 200 1 $aDalle cattedrali romaniche ai mulini a vapore$escritti di storia mediterranea$fGiuseppe De Gennaro 210 $aTorino$cG. Giappichelli$d1996 215 $aX, 362 p.$cill.$d24 cm 300 $aSegue: Appendice. 606 $aPuglia$xCondizioni economiche e sociali$xSec. 16.-19.$2FIR$3CFIC091033$9I 676 $a330.94575$9SITUAZIONI E CONDIZIONI ECONOMICHE. PUGLIA$v23 676 $a330.9457507$9SITUAZIONI E CONDIZIONI ECONOMICHE. PUGLIA. 1516-1799$v22 700 1$aDe Gennaro$b, Giuseppe$f <1927- >$3CFIV159600$4070$024623 790 1$aGennaro$b, Giuseppe : de$f <1927- >$3SBNV044078$zDe Gennaro, Giuseppe <1927- > 801 3$aIT$bIT-000000$c20150323 850 $aIT-BN0095 $aIT-NA0079 $aIT-NA0452 901 $bNAP BN$cMAGAZZINO $nmagazzini correnti divisi per anni 901 $bNAP IS$cISEM $nSezione di storia economica dell'ex Istituto di storia economica del Mezzogiorno 901 $bNAP 01$cPOZZO LIB.$nVi sono collocati fondi di economia, periodici di ingegneria e scienze, periodici di economia e statistica e altri fondi comprendenti documenti di economia pervenuti in dono. 912 $aTO00395721 950 0$aBiblioteca Centralizzata di Ateneo$c1 v.$d 01POZZO LIB.F. ASSANTE 570$e 0101 0060018595E VMA 1 v. 1 v. (Precedente collocazione A 728)$fB $h20220929$i20220929 977 $a 01$a BN$a IS 996 $aDalle cattedrali romaniche ai mulini a vapore$9500817 997 $aUNISANNIO